| Record ID | harvard_bibliographic_metadata/20220215_022.bib.mrc:338685229:4255 |
| Source | Harvard University |
| Download Link | /show-records/harvard_bibliographic_metadata/20220215_022.bib.mrc:338685229:4255?format=raw |
LEADER: 04255cam a2200505 i 4500
005 20190906170242.0
008 190315t20192019orua 6 000 1 eng
001 99153814769203941
010 $a 2019012819
020 $a9781506710754$qpaperback$0(uri) http://www.isbnsearch.org/isbn/9781506710754
020 $a1506710751$qpaperback$0(uri) http://www.isbnsearch.org/isbn/1506710751
035 $a(OCoLC)1090278144$z(OCoLC)1117509342$z(OCoLC)1200990131$z(OCoLC)1201995999$z(OCoLC)1202022289$z(OCoLC)1240364939$0(uri) http://www.worldcat.org/oclc/1090278144$0(uri) http://www.worldcat.org/oclc/1117509342$0(uri) http://www.worldcat.org/oclc/1200990131$0(uri) http://www.worldcat.org/oclc/1201995999$0(uri) http://www.worldcat.org/oclc/1202022289$0(uri) http://www.worldcat.org/oclc/1240364939
040 $aDLC$beng$erda$cDLC$dOCLCO$dOCLCF$dBLP$dHBP$dMBB$dYDX$dDLC$dOCLCO$dEYM
042 $apcc
050 00 $aPN6728.L236$bO38 2019
082 00 $a741.5/973$223
084 $aCGN004070$aCGN006000$2bisacsh
100 1 $aOkorafor, Nnedi$ewriter.$0(uri) http://id.loc.gov/authorities/names/n2004028670$0(uri) http://viaf.org/viaf/sourceID/LC|n2004028670
245 10 $aLaGuardia :$ba very modern story of immigration /$cwriter, Nnedi Okorafor ; artist, Tana Ford ; colorist, James Devlin ; letterer Sal Cipriano.
246 30 $aVery modern story of immigration
250 $aFirst edition.
264 1 $aMilwaukie, OR :$bDark Horse Books,$c2019.
264 4 $c©2019
300 $a1 volume (unnumbered pages) :$billustrations (chiefly color) ;$c26 cm
336 $atext$btxt$2rdacontent
336 $astill image$bsti$2rdacontent
337 $aunmediated$bn$2rdamedia
338 $avolume$bnc$2rdacarrier
500 $a"This volume collects Issues #1-4 of LaGuardia."
520 $a"In an alternate world where aliens have integrated with society, pregnant Nigerian-American doctor Future Nwafor Chukwuebuka has just smuggled an illegal alien plant named Letme Live through LaGuardia International and Interstellar Airport... and that's not the only thing she's hiding. She and Letme become part of a community of human and alien immigrants; but as their crusade for equality continues and the birth of her child nears, Future -- and her entire world -- begins to change."--$cProvided by publisher.
520 $a"On a planet Earth bursting with integrated extraterrestrial life, Future Nwafor Chukwuebuka is running from Nigeria under mysterious conditions. She's five months pregnant, her fiance doesn't know she's left... and she's smuggling an illegal, sentient plant into New York."--Provided by publisher.
505 0 $aHomecoming -- The travel ban -- Roots -- Future citizen.
650 0 $aExtraterrestrial beings$vComic books, strips, etc.$0(uri) http://id.loc.gov/authorities/subjects/sh2007000255
650 0 $aEmigration and immigration$vComic books, strips, etc.$0(uri) http://id.loc.gov/authorities/subjects/sh85042782
650 0 $aGraphic novels$0(uri) http://id.loc.gov/authorities/subjects/sh94008233
650 7 $aCOMICS & GRAPHIC NOVELS / Science Fiction.$2bisacsh
650 7 $aCOMICS & GRAPHIC NOVELS / Literary.$2bisacsh
655 7 $aComics (Graphic works)$2fast$0(OCoLC)fst01921613$0(uri) http://id.worldcat.org/fast/fst01921613$0(uri) http://id.loc.gov/authorities/genreForms/gf2014026266
655 7 $aComics (Graphic works)$2lcgft$0(uri) http://id.worldcat.org/fast/fst01921613$0(uri) http://id.loc.gov/authorities/genreForms/gf2014026266
655 7 $aScience fiction comics$2lcgft$0(uri) http://id.loc.gov/authorities/genreForms/gf2014026530
700 1 $aFord, Tana$eartist.$0(uri) http://id.loc.gov/authorities/names/no2015128431$0(uri) http://viaf.org/viaf/sourceID/LC|no2015128431
700 1 $aDevlin, James$c(Comic book artist)$ecolourist.$0(uri) http://id.loc.gov/authorities/names/no2017083930$0(uri) http://viaf.org/viaf/sourceID/LC|no2017083930
700 1 $aCipriano, Sal$eletterer.$0(uri) http://id.loc.gov/authorities/names/no2009108844$0(uri) http://viaf.org/viaf/sourceID/LC|no2009108844
852 0 $bLAM$cFARNS$hPN6728.L236$iO38 2019$8222310290260003941
876 $8222310290260003941$q1$70$mFARNS$yBOOK$p32044147067474$cFARNS$0232310290230003941$h01$nPN6728.L236 O38 2019$bLAM$lLAM